Statistiques concernant Le Commonwealth

Cliquez ici pour prendre le quiz!

Statistiques générales

  • Ce quiz a été pris 49 fois
  • Le résultat moyen est 39 sur 69

Statistiques - réponses

QuestionsRéponses% Correct
PaysRoyaume-Uni
90%
PaysAustralie
86%
PaysAfrique du Sud
83%
PaysCanada
83%
Qui est à la tête du Commonwealth ?Le monarque britannique | Charles III
83%
PaysNouvelle-Zélande
83%
PaysInde
81%
PaysSingapour
74%
PaysZambie
74%
Quels sont les sept États fondateurs du Commonwealth?États libres d’Irlande
71%
Quel pays a été exclus du Commonwealth pour violations des Droits de l’Homme ?Le Zimbabwe
71%
PaysKenya
69%
PaysLesotho
67%
PaysPakistan
67%
PaysRwanda
67%
PaysBotswana
64%
PaysMalte
64%
PaysNigeria
64%
PaysSri Lanka
64%
PaysEswatini
62%
PaysFidji
62%
PaysGhana
62%
PaysJamaïque
62%
PaysNamibie
62%
PaysSainte-Lucie
62%
PaysSamoa
62%
PaysTanzanie
62%
Tout les combien de temps se tiennent les jeux du Commonwealth ?Tout les quatre ans
62%
PaysBangladesh
60%
PaysBarbade
60%
PaysSeychelles
60%
PaysTuvalu
60%
PaysAntigua-et-Barbuda
57%
PaysDominique
57%
PaysGrenade
57%
PaysKiribati
57%
PaysMalawi
57%
PaysMaurice
57%
PaysMozambique
57%
PaysNauru
57%
PaysTonga
57%
PaysVanuatu
57%
PaysMaldives
55%
PaysSaint-Vincent et les Grenadines
55%
PaysSierra Leone
55%
PaysOuganda
52%
PaysTrinité-et-Tobago
52%
PaysChypre
50%
Combien d’États font partis du Commonwealth ?Il y a 56 États
50%
PaysMalaisie
50%
PaysBelize
48%
PaysBrunei
48%
PaysGambie
48%
PaysGuyana
48%
PaysBahamas
45%
Le Commonwealth des Nations est une association des pays ayant fait partie de ____:L’Empire Britannique
45%
PaysCameroun
43%
En quelle année Hong Kong a t-elle quitté le Commonwealth?En 1997
43%
PaysTogo
43%
Quel pourcentage de la population mondiale rassemble le Commonwealth ?Environ 30% de la population mondiale
40%
PaysGabon
40%
PaysPapouasie-Nouvelle-Guinée
38%
En quelle année fut signée la :'Singapore Declaration of Commonwealth Principles ' qui propose de se rallier aux principes éthiques des droits de l'homme et à l'égalité raciale et économique?En 1971
26%
En quelle année a été créé le Commonwealth ?Le 19 novembre 1926
26%
PaysSaint Kitts-et-Nevis
24%
Quand fut signée la déclaration de Harare qui a reconnu l'importance particulière qu'il accorde aux droits de la personne, à l'éthique démocratique, à l'égalité des sexes, au développement ?En 1991
21%
PaysSalomon (Îles)
17%
Quels sont les sept États fondateurs du Commonwealth?Terre-Neuve
10%
Qui est la Secrétaire Général du Commonwealth ?Patricia Scotland
7%

Distribution des résultats

Percentile par nombre de réponses

% des personnes avec chaque résultat

Votre développement - résultats

Vous n’avez pas pris ce quiz